000 01300nam a2200241 i 4500
001 53900
003 ES-MaACL
005 20250705063015.0
007 t|
008 960708s1878 fr ||||1| spa d
080 _a327(460:469)
100 1 _aFernández de los Ríos, Ángel,
_d1821-1880
_9149656
245 1 0 _aMi misión en Portugal :
_banales de ayer para enseñanza de mañana /
_cpor A. Fernández de los Ríos.
260 _aParis :
_bE. Belhatte ;
_aLisboa :
_bBertrand,
_c[1878] (
_fTyp. Tolmer et Isidor Joseph)
300 _aXVI, 725 p. ;
_c22 cm.
505 8 _aContiene: A la opinión peninsular ; Primera parte: Política peninsular ; Segunda parte: Mi misión en Portugal: Misión diplomática en julio de 1869 ; Acuerdos peninsulares ; Jurisprudencia internacional ; Relaciones materiales ; Asuntos de interés español en Portugal ; Relaciones científicas, literarias y artísticas ; Respuestas a pequeñeces ; Tercera parte: Cuestiones de hoy y de mañana
530 _aDisponible en formato digital.
651 4 _aEspaña-
_xRelaciones-
_zPortugal.
_98476
651 4 _aPortugal-
_xRelaciones-
_zEspaña.
_99269
852 _aES-MaACL
_jG-8489
856 _uhttp://bdh-rd.bne.es/viewer.vm?id=0000038225&page=1
_zBiblioteca Digital Hispánica
999 _c53900
_d53900